Województwa Polski 1975-1998 - quiz na mapie - Statystyki

Ogólne statystyki
  • Ten quiz został rozwiązany 63 razy
  • Średni wynik to 31 z 49
Odpowiedzi na mapie
Odpowiedzi zakodowano w zielono-czerwonej skali na mapie do tego quizu, zgodnie z poniższymi procentami.
 
Statystyki odpowiedzi
Odpowiedź % Poprawnych
Szczecińskie
86%
Białostockie
83%
Elbląskie
79%
Gdańskie
79%
Olsztyńskie
76%
Bydgoskie
72%
Koszalińskie
72%
Łódzkie
72%
Poznańskie
72%
Słupskie
72%
Suwalskie
72%
Zielonogórskie
72%
Gorzowskie
69%
Katowickie
69%
Legnickie
69%
Łomżyńskie
69%
Opolskie
69%
Warszawskie
69%
Bielskie
62%
Częstochowskie
62%
Jeleniogórskie
62%
Kieleckie
62%
Konińskie
62%
Krakowskie
62%
Leszczyńskie
62%
Pilskie
62%
Przemyskie
62%
Radomskie
62%
Siedleckie
62%
Zamojskie
62%
Bialskopodlaskie
59%
Kaliskie
59%
Lubelskie
59%
Ostrołęckie
59%
Piotrkowskie
59%
Płockie
59%
Tarnowskie
59%
Toruńskie
59%
Wałbrzyskie
59%
Wrocławskie
59%
Nowosądeckie
55%
Rzeszowskie
55%
Sieradzkie
55%
Skierniewickie
55%
Chełmskie
52%
Ciechanowskie
52%
Tarnobrzeskie
52%
Krośnieńskie
48%
Włocławskie
41%
Nie znaleziono quizów pasujących do podanych kryteriów
Rozkład punktacji
Procent ludzi z każdym wynikiem
Percentyl według liczby udzielonych odpowiedzi
Twoja historia wyników
Nie rozwiązałeś tego quizu